| 000 | 00923nam a2200289 i 4500 | ||
|---|---|---|---|
| 005 | 20260322212057.0 | ||
| 008 | data | ||
| 010 | _a 75041476 | ||
| 020 | _a0470152303 | ||
| 020 | _a9780470152300 | ||
| 040 |
_aDLC _cDLC _dCtY _dCtY |
||
| 050 | 0 |
_aRC483 _b.B62 |
|
| 096 | _aWM 402 B631p 1976 | ||
| 100 | 1 | _aBockar, Joyce A. | |
| 245 | 1 | 0 |
_aPrimer for the nonmedical psychotherapist / _cJoyce A. Bockar. |
| 260 | 0 |
_aNew York : _bSP Books Division, Spectrum Publications : distributed by Halsted Press, _cc1976. |
|
| 300 |
_a131 p. : _bill. ; _c24 cm. |
||
| 504 | _aIncludes bibliographical references and index. | ||
| 590 | _aIncludes bibliographical references and index. | ||
| 650 | 0 | _aPsychopharmacology. | |
| 650 | 0 | _aDrug abuse. | |
| 650 | 0 | _aPsychological manifestations of general diseases. | |
| 650 | 2 | _aDiagnosis, Differential. | |
| 650 | 2 | _aPsychopharmacology. | |
| 650 | 2 | _aPsychotherapy. | |
| 001 | data | ||
| 999 |
_c1372 _d1372 |
||